| 000 | 00354 a2200109 4500 | ||
|---|---|---|---|
| 001 | ART_14550 | ||
| 005 | 20260410161912.0 | ||
| 008 | 260409a | ||
| 245 | 1 | 0 | _aInternational comparisons of the residential demand for energy |
| 100 | 1 | _aPindyck, Robert S. | |
| 773 | 0 |
_tEuropean economic review _g- Vol. 13, NÂș 1 (ene. 1980) _wREV13346 |
|
| 999 |
_c26907 _d26907 |
||